| 000 | 00637cam a2200229 4500 | ||
|---|---|---|---|
| 001 | J1957 | ||
| 008 | 090401t1993 xxu||||| |||| 00| 0 eng d | ||
| 035 | _a(Sirsi) u46465 | ||
| 041 | _aeng | ||
| 050 | _a692.8 | ||
| 100 | _aFranks, J. | ||
| 245 | 4 | _aThe design-and-building approach to procurement. | |
| 260 |
_aAscot, Berks. _bChartered Institute of Building _c1993 |
||
| 300 | _a11p. ; 30cm. | ||
| 350 | _a0 | ||
| 490 |
_aConstruction Papers _v27 |
||
| 650 | _aDESIGN AND BUILD | ||
| 690 | _aBUILT ENVIRONMENT-BUILDING CONTRACT FORMS | ||
| 710 |
_aChartered Institute of Building _92134 |
||
| 942 | _n0 | ||
| 948 | _c04/03/1997 | ||
| 999 |
_c91925 _d91925 |
||